| 000 | 01021cam a22002777a 4500 | ||
|---|---|---|---|
| 003 | OSt | ||
| 005 | 20240304144506.0 | ||
| 008 | |||
| 020 | _a9780198529880 (paperback) | ||
| 040 |
_cNUST _aNUST _beng _dNUST _erda |
||
| 050 | _aREF RA651 OXF | ||
| 245 | 0 | 0 |
_aOxford handbook of epidemiology for clinicians / _cby Helen Ward; Mireille B. Toledano; Gavin Shaddick; Bethan Davies and Paul Elliot |
| 260 |
_aOxford : _bOxford University Press, _c2012. |
||
| 300 |
_axxviii, 388 pages : _billustrations ; _c19 cm. |
||
| 336 |
_2rdacontent _atext _btxt |
||
| 337 |
_2rdamedia _aunmediated _bn |
||
| 338 |
_2rdacarrier _avolume _bnc |
||
| 504 | _aIncludes bibliographical references. | ||
| 650 | 0 | _aEpidemiology. | |
| 650 | 1 | 2 |
_aEpidemiology _vHandbook. |
| 650 | 2 | 2 |
_aEpidemiologic Methods _vHandbook. |
| 650 | 7 |
_aEpidemiology. _2fast |
|
| 700 | 1 |
_aWard, Helen, _d1957- |
|
| 907 |
_a.b10381600 _b25-07-17 _c25-07-17 |
||
| 942 |
_cREF _kREF RA651 _mOXF _2lcc _hREF RA651OXF _n0 |
||
| 999 |
_c119162 _d119162 |
||